Countries with the same name in English and Spanish - Statistics

General Stats
  • This quiz has been taken 51 times
    24 since last reset
  • The average score is 38 of 74
Answer Stats
Continent Country % Correct
America Argentina
89%
America Bolivia
89%
America Chile
78%
America Colombia
78%
America Cuba
78%
Europe Andorra
72%
America Costa Rica
72%
America Guatemala
72%
America Guyana
72%
America Honduras
72%
Europe Austria
67%
America Ecuador
67%
Europe Estonia
67%
Asia India
67%
America Paraguay
67%
Europe Portugal
67%
Europe San Marino
67%
America Venezuela
67%
Oceania Australia
61%
Asia China
61%
America Dominica
61%
America Uruguay
61%
Europe Albania
56%
Europe Armenia
56%
America Bahamas
56%
Africa Burundi
56%
America El Salvador
56%
Africa Ghana
56%
Asia Israel
56%
America Jamaica
56%
Europe Liechtenstein
56%
Europe Malta
56%
America Nicaragua
56%
Europe Bulgaria
50%
Africa Chad
50%
Europe Georgia
50%
Europe Kosovo
50%
Africa Liberia
50%
Europe Montenegro
50%
Africa Nigeria
50%
Africa Tanzania
50%
America Barbados
44%
Africa Gambia
44%
Africa Guinea
44%
Europe Macedonia
44%
Asia Mongolia
44%
Oceania Samoa
44%
Europe Serbia
44%
Africa Somalia
44%
Africa Togo
44%
Oceania Tonga
44%
Oceania Tuvalu
44%
Africa Uganda
44%
Oceania Vanuatu
44%
Asia Vietnam
44%
Asia Yemen
44%
Oceania Kiribati
39%
Asia Laos
39%
Africa Madagascar
39%
Oceania Nauru
39%
Asia Nepal
39%
Africa Zambia
39%
Africa Burkina Faso
33%
Asia Indonesia
33%
Asia Kuwait
33%
Africa Seychelles
33%
Asia Sri Lanka
33%
Africa Angola
28%
Africa Eritrea
28%
Africa Mauritania
28%
Africa Mozambique
28%
Africa Namibia
28%
Africa Senegal
28%
Asia Myanmar
22%
No matching quizzes found
Score Distribution
Percent of People with Each Score
Percentile by Number Answered
Your Score History
You have not taken this quiz since the last reset